| 000 | 00958nam a2200289 i 4500 | ||
|---|---|---|---|
| 003 | EG-GICUC | ||
| 005 | 20260121101218.0 | ||
| 008 | 251113s1974 fr ||||fr|||| 00| 0 fre d | ||
| 040 |
_aEG-GiCUC _bfre _cEG-GiCUC _dEG-GiCUC _eRda |
||
| 041 | _afre | ||
| 082 | 0 | 4 |
_221 _a338 _bRE . F |
| 092 | 0 | 4 | _221 |
| 099 | _aLaw1 13 338 RE . F 1974 | ||
| 100 | 1 |
_aRemmers, H.Lee _eAuteur |
|
| 245 | 1 |
_aForces Et Faiblesses Des Entreprises Multinationales / _cH.Lee Remmers , Michael Z. Brooke. |
|
| 264 | 1 |
_aParis : _bLes Éditions D'Organisation, _c1974. |
|
| 300 |
_a240 page ; _c 24 cm. |
||
| 336 |
_2rda contenu _a texte |
||
| 337 |
_2rda medias _aOrdinateur |
||
| 338 |
_2 transporteur rda _a Ressource en ligne |
||
| 546 | _aTexte en français | ||
| 650 | 1 | _aFinances publiques et législation fiscale | |
| 700 | 1 |
_aBrooke, Michael Z. _eCo-Auteur |
|
| 856 | 4 | 0 | _uhttps://fll.law.cu.edu.eg/fulltext/bks/B13-05544.pdf |
| 905 | _a49 | ||
| 942 |
_2ddc _cBK _e21 _n0 |
||
| 999 |
_c43041 _d43041 |
||